Soberanos de Serbia y Yugoslavia - Estadísticas

Estadísticas generales
  • Esta prueba ha sido intentada 20 veces
  • La puntuación promedio es 5 de 14
Estadísticas de respuestas
Período Nombre del Soberano % Correcto
1934-1945 Pedro II Karadordevic
75%
1903-1918 Pedro I Karadordevic
75%
1918-1921 Pedro I Karadordevic
75%
1921-1929 Alejandro I Karadordevic
63%
1929-1934 Alejandro I Karadordevic
63%
1889-1903 Alejandro I Obrenovic
63%
1842-1858 Alejandro Karadordevic
63%
1839-1842 Miguel Obrenovic III
25%
1860-1868 Miguel Obrenovic III
25%
1815-1839 Milos Obrenovic I
13%
1882-1889 Milan I Obrenovic
0%
1839 Milan Obrenovic II
0%
1868-1882 Milan Obrenovic IV
0%
1858-1860 Milos Obrenovic I
0%
No se encontraron pruebas coincidentes
Distribución de puntuación
Porcentaje de gente con cada puntuación
Porcentaje por número respondido
Historial de tus puntuaciones
No has intentado esta prueba.